[Event "AUTO-MASTER-850"]
[Site "http://www.queenalice.com/game.php?id=617791"]
[Date "2009.7.12"]
[Round "1"]
[White "toninho89"]
[Black "armesto65"]
[Result "1-0"]
[WhiteElo "2168"]
[BlackElo "2249"]

1. d4 Nf6 2. Nf3 e6 3. Bg5 Be7 4. e3 d5 5. Bd3 Nbd7 6. O-O O-O 7. c3 c5 8. Nbd2
h6 9. Bh4 c4 10. Bc2 b5 11. Ne5 Nxe5 12. dxe5 Nd7 13. Bxe7 Qxe7 14. f4 Bb7 15.
Nf3 Rad8 16. Nd4 b4 17. Rf3 bxc3 18. bxc3 f6 19. Rb1 Rb8 20. f5 Nxe5 21. Rg3 Qa3
22. fxe6 1-0

[Event "AUTO-MASTER-850"]
[Site "http://www.queenalice.com/game.php?id=617792"]
[Date "2009.7.12"]
[Round "1"]
[White "armesto65"]
[Black "toninho89"]
[Result "1-0"]
[WhiteElo "2221"]
[BlackElo "1926"]

1. e4 c5 2. Nf3 d6 3. d4 cxd4 4. Nxd4 Nf6 5. Nc3 a6 6. Be3 e5 7. Nb3 Be6 8. Qd2
Be7 9. Be2 O-O 10. O-O-O Qc7 11. f3 b5 12. Nd5 Bxd5 13. exd5 Rc8 14. g4 Nxd5 15.
Bd3 Nxe3 16. Qxe3 d5 17. Bf5 Rd8 18. Rhe1 Nc6 19. a3 a5 20. h4 a4 21. Nc5 Nd4
22. Rxd4 Bxc5 23. Bxh7+ 1-0

[Event "AUTO-MASTER-850"]
[Site "http://www.queenalice.com/game.php?id=617805"]
[Date "2009.7.12"]
[Round "1"]
[White "afonso092"]
[Black "armesto65"]
[Result "1/2-1/2"]
[WhiteElo "1911"]
[BlackElo "2191"]

1. e4 c5 2. Nf3 e6 3. d4 cxd4 4. Qxd4 Nc6 5. Qd1 Nf6 6. Bg5 Qa5+ 7. Bd2 Qc7 8.
Bd3 Be7 9. O-O O-O 10. Nc3 a6 11. h3 b5 12. Re1 d6 13. a3 Bb7 14. Bf4 Nd7 15.
Ne2 Rac8 16. Bg5 Bxg5 17. Nxg5 Nce5 18. Nc1 Nxd3 19. cxd3 h6 20. Nf3 Qc2 21.
Qxc2 Rxc2 22. Rb1 Rfc8 23. Nd4 R2c7 24. Ncb3 d5 25. e5 Nc5 26. Nxc5 Rxc5 27. Kf1
Kf8 28. Ke2 a5 29. Ke3 b4 30. axb4 1/2-1/2

[Event "AUTO-MASTER-850"]
[Site "http://www.queenalice.com/game.php?id=617806"]
[Date "2009.7.12"]
[Round "1"]
[White "armesto65"]
[Black "afonso092"]
[Result "1-0"]
[WhiteElo "2186"]
[BlackElo "1953"]

1. e4 e5 2. f4 exf4 3. Nf3 Be7 4. h4 d6 5. d4 Bg4 6. Bxf4 Bxh4+ 7. g3 Bf6 8. c3
a6 9. Be2 Nd7 10. Nbd2 Qe7 11. Qb3 O-O-O 12. O-O-O Nb6 13. e5 dxe5 14. Nxe5 Be6
15. Qc2 g6 16. Bd3 Bxe5 17. Bxe5 f6 18. Bf4 Nd5 19. Bxg6 Nxf4 20. gxf4 h6 21.
Rde1 Qd6 22. Rxe6 Qxf4 23. Qf5 1-0

[Event "AUTO-MASTER-850"]
[Site "http://www.queenalice.com/game.php?id=617815"]
[Date "2009.7.12"]
[Round "1"]
[White "armesto65"]
[Black "From77fr"]
[Result "1-0"]
[WhiteElo "2224"]
[BlackElo "2157"]

1. d4 e6 2. e4 d5 3. Nd2 Nf6 4. Bd3 c5 5. exd5 Qxd5 6. Bb5+ Bd7 7. Bxd7+ Nbxd7
8. dxc5 Qxg2 9. Qf3 Qxf3 10. Ngxf3 Bxc5 11. Nb3 Bb6 12. Rg1 Nh5 13. Bd2 f6 14.
Nbd4 O-O 15. Be3 Rfe8 16. O-O-O Nf8 17. Nb5 Bxe3+ 18. fxe3 Re7 19. Rd4 g6 20.
Rgd1 a6 21. Nd6 Rd8 22. c4 Ng7 23. Nf5 Red7 24. Nh6+ Kh8 25. Nf7+ Rxf7 26. Rxd8
Nf5 27. R1d3 Kg7 28. e4 Ne7 29. Rb8 Nc6 30. Rc8 e5 31. a3 Ne6 32. b4 Nf4 33. Rd6
Kh6 34. Rcxc6 bxc6 35. Rxc6 a5 36. b5 Kh5 37. b6 Kg4 38. Ng1 f5 39. exf5 gxf5
40. Rc7 Rf8 41. Rg7+ Kh5 42. Rxh7+ Kg6 43. Rd7 Rb8 44. Rd6+ Kf7 45. Nf3 e4 46.
Nd4 e3 47. Kd1 1-0

[Event "AUTO-MASTER-850"]
[Site "http://www.queenalice.com/game.php?id=617816"]
[Date "2009.7.12"]
[Round "1"]
[White "From77fr"]
[Black "armesto65"]
[Result "1-0"]
[WhiteElo "2192"]
[BlackElo "2252"]

1. d4 Nf6 2. Nc3 g6 3. e4 d6 4. h3 Nbd7 5. f4 Bg7 6. Be3 O-O 7. Be2 e5 8. Nf3
exf4 9. Bxf4 Re8 10. Qd3 Qe7 11. Nd2 Nb6 12. g4 d5 13. e5 Nfd7 14. O-O-O c5 15.
dxc5 Qxc5 16. Nf3 Nxe5 17. Nxe5 Bxe5 18. Bxe5 Rxe5 19. Rhe1 Be6 20. Qd4 Qxd4 21.
Rxd4 Re8 22. Red1 Rc8 23. Bf3 Rc5 24. a3 Re3 25. Bg2 f5 26. gxf5 Bxf5 27. h4
Bxc2 28. Kxc2 Re2+ 29. R1d2 Rxd2+ 30. Rxd2 Nc4 31. Bxd5+ Rxd5 32. Rxd5 Ne3+ 33.
Kd3 Nxd5 34. Nxd5 Kf7 35. Ke4 Ke6 36. b4 h6 37. a4 g5 38. h5 a6 39. a5 Kd6 40.
Ne3 1-0

[Event "AUTO-MASTER-770"]
[Site "http://www.queenalice.com/game.php?id=620359"]
[Date "2009.7.17"]
[Round "2"]
[White "Danton"]
[Black "armesto65"]
[Result "1-0"]
[WhiteElo "2433"]
[BlackElo "2168"]

1. d4 Nf6 2. c4 g6 3. Nf3 Bg7 4. Nc3 d6 5. g3 O-O 6. Bg2 Nbd7 7. O-O e5 8. dxe5
Nxe5 9. Nxe5 dxe5 10. Bg5 Qxd1 11. Raxd1 c6 12. h3 Be6 13. b3 h6 14. Be3 a5 15.
Na4 Nd7 16. Rd2 Rac8 17. Rfd1 b5 18. Nc3 b4 19. Na4 Rc7 20. Rd6 Nb8 21. Bb6 Rd7
22. Nc5 Rxd6 23. Rxd6 1-0

[Event "AUTO-MASTER-770"]
[Site "http://www.queenalice.com/game.php?id=620360"]
[Date "2009.7.17"]
[Round "2"]
[White "armesto65"]
[Black "Danton"]
[Result "0-1"]
[WhiteElo "2166"]
[BlackElo "2458"]

1. e4 e5 2. Nf3 Nf6 3. Nc3 Nc6 4. Bb5 Bc5 5. O-O O-O 6. Bxc6 dxc6 7. Nxe5 Re8 8.
Nf3 Nxe4 9. Nxe4 Rxe4 10. d3 Re7 11. h3 Bf5 12. Bf4 Qd5 13. Qd2 Bxh3 14. c4 Qh5
15. d4 Bd6 16. Rfe1 Rxe1+ 17. Rxe1 Qg4 18. Bg3 Bxg3 19. fxg3 Qxg3 20. Qe2 h5 21.
Qf2 Qxf2+ 22. Kxf2 Be6 23. b3 Kf8 24. Ng5 Bg4 25. Kg3 f6 26. Ne6+ Bxe6 27. Rxe6
Re8 28. Rxe8+ Kxe8 29. Kf4 g5+ 30. Kf5 Ke7 31. a3 h4 32. b4 b5 0-1

[Event "AUTO-MASTER-729"]
[Site "http://www.queenalice.com/game.php?id=620432"]
[Date "2009.7.17"]
[Round "2"]
[White "Vonkinho"]
[Black "armesto65"]
[Result "1-0"]
[WhiteElo "2243"]
[BlackElo "2162"]

1. d4 Nf6 2. c4 c5 3. d5 b5 4. cxb5 a6 5. bxa6 Bxa6 6. g3 d6 7. h4 h5 8. Nh3 g6
9. Nf4 Bg7 10. Qc2 Nbd7 11. Ne6 fxe6 12. dxe6 Ne5 13. f4 O-O 14. fxe5 Ng4 15.
Qxg6 dxe5 16. Bh3 Qa5+ 17. Nc3 Bxe2 18. Bxg4 Bxg4 19. Bh6 1-0

[Event "AUTO-MASTER-729"]
[Site "http://www.queenalice.com/game.php?id=620433"]
[Date "2009.7.17"]
[Round "2"]
[White "armesto65"]
[Black "Vonkinho"]
[Result "0-1"]
[WhiteElo "2263"]
[BlackElo "2293"]

1. e4 e5 2. Nf3 Nf6 3. Nc3 Nc6 4. Bb5 Bb4 5. O-O O-O 6. d3 d6 7. h3 Be6 8. Bg5
Bxc3 9. bxc3 Ne7 10. Bxf6 gxf6 11. Nh4 Ng6 12. Nf5 Kh8 13. d4 Rg8 14. Kh2 c6 15.
Bd3 d5 16. exd5 cxd5 17. g3 Qd7 18. Nh6 Rg7 19. Rb1 Rc8 20. Qd2 e4 21. Bb5 Qc7
22. Rb3 a6 23. Be2 Qd7 24. Ng4 f5 25. Ne5 Nxe5 26. dxe5 d4 27. cxd4 Bxb3 28.
axb3 Rg6 29. d5 Qc7 30. Bh5 Qxe5 31. Bxg6 hxg6 32. d6 Rd8 33. Rd1 Kg7 34. c4 Kf6
35. Qd4 Qxd4 36. Rxd4 b6 37. g4 fxg4 38. Rxe4 gxh3 39. Kxh3 Rxd6 40. Kg4 a5 41.
Re3 Rd4+ 42. Kg3 Kg5 43. f3 f5 44. Re6 b5 45. Ra6 bxc4 46. bxc4 Rxc4 47. Rxa5
Rc8 48. Ra4 Kh5 49. Rh4+ Kg5 50. Ra4 Rc1 51. Rb4 f4+ 52. Kh3 Rg1 53. Rb5+ Kh6
54. Rb3 Rg3+ 55. Kh2 g5 56. Rb6+ Kh5 0-1

[Event "AUTO-MASTER-729"]
[Site "http://www.queenalice.com/game.php?id=620438"]
[Date "2009.7.17"]
[Round "2"]
[White "armesto65"]
[Black "punk"]
[Result "1-0"]
[WhiteElo "2208"]
[BlackElo "2048"]

1. e4 e5 2. f4 exf4 3. Nf3 d5 4. e5 Bg4 5. d4 Bb4+ 6. c3 Ba5 7. Bxf4 Ne7 8. Be2
O-O 9. O-O Ng6 10. Bg5 Qc8 11. Nbd2 c6 12. Nh4 Bxe2 13. Qxe2 Na6 14. Nf5 Qd7 15.
Qh5 Bd8 16. Bh6 gxh6 17. Qxh6 f6 18. e6 Qc7 19. e7 Rf7 20. exd8=Q+ Rxd8 21. Rae1
Qd7 22. Re3 Nc7 23. Rg3 Ne6 24. Nh4 Nf8 25. Ndf3 Re8 26. Nxg6 Nxg6 27. Nh4 Ref8
28. Nxg6 hxg6 29. Rxg6+ Rg7 30. Rgxf6 Rxf6 31. Qxf6 Qg4 32. Qf8+ Kh7 33. Qf5+
Kg8 34. Qxg4 Rxg4 35. h3 Re4 36. g4 Kg7 37. Kg2 Kg6 38. Kg3 Re2 39. Rf2 Re3+ 40.
Kg2 Re4 41. Kf3 Kg5 42. Re2 Rf4+ 43. Kg3 Rf7 44. h4+ Kg6 45. Re6+ Kg7 46. h5 1-0

[Event "AUTO-MASTER-729"]
[Site "http://www.queenalice.com/game.php?id=620439"]
[Date "2009.7.17"]
[Round "2"]
[White "punk"]
[Black "armesto65"]
[Result "0-1"]
[WhiteElo "2058"]
[BlackElo "2200"]

1. d4 Nf6 2. c4 c5 3. d5 e6 4. Nc3 exd5 5. Nxd5 Nxd5 6. cxd5 g6 7. e4 d6 8. Nf3
Bg7 9. Bb5+ Bd7 10. Bxd7+ Nxd7 11. O-O O-O 12. Qc2 b5 13. Bg5 Qb6 14. Rab1 Rfe8
15. b3 Rac8 16. Qe2 c4 17. bxc4 Rxc4 18. Qxc4 bxc4 19. Rxb6 axb6 20. Rb1 Rxe4
21. Be3 c3 22. Ne1 Bd4 23. Rb4 Rxe3 24. fxe3 Bxe3+ 25. Kf1 Ne5 26. Nc2 Bc5 27.
Rb3 Ng4 28. h3 Nf6 29. Rxc3 Nxd5 30. Rb3 Kg7 31. Ke2 Kf6 32. Rf3+ Ke6 33. Kd3 f5
34. Nd4+ Ke5 35. Nc6+ Ke6 36. a4 Nb4+ 37. Nxb4 Bxb4 38. Kc4 Bc5 39. h4 h6 40. g3
Ke5 41. Kd3 g5 42. h5 g4 43. Rf4 d5 44. Rf1 Kf6 45. Kc3 Kg5 46. Kd3 Bd6 0-1

[Event "AUTO-MASTER-729"]
[Site "http://www.queenalice.com/game.php?id=620440"]
[Date "2009.7.17"]
[Round "2"]
[White "armesto65"]
[Black "Conde7"]
[Result "0-1"]
[WhiteElo "2183"]
[BlackElo "2574"]

1. e4 c5 2. Nf3 d6 3. d4 cxd4 4. Nxd4 Nf6 5. Nc3 a6 6. Be3 e5 7. Nf3 Be7 8. h3
Be6 9. Qd2 O-O 10. Ng5 Nc6 11. Nxe6 fxe6 12. Bc4 d5 13. exd5 Na5 14. Be2 exd5
15. Bg5 d4 16. Bxf6 gxf6 17. Nd1 e4 18. O-O f5 19. b4 Nc6 20. Bc4+ Kh8 21. a3
Bg5 22. Qe2 Bf4 23. Qh5 Ne5 24. Be2 Qf6 0-1

[Event "AUTO-MASTER-729"]
[Site "http://www.queenalice.com/game.php?id=620441"]
[Date "2009.7.17"]
[Round "2"]
[White "Conde7"]
[Black "armesto65"]
[Result "1-0"]
[WhiteElo "2568"]
[BlackElo "2187"]

1. e4 c5 2. Nf3 e6 3. d4 cxd4 4. Nxd4 Nf6 5. Nc3 Bb4 6. e5 Nd5 7. Bd2 Nxc3 8.
bxc3 Ba5 9. Qg4 O-O 10. Bd3 Nc6 11. Nxc6 dxc6 12. O-O f5 13. exf6 Qxf6 14. Qh5
1-0

[Event "AUTO-MASTER-747"]
[Site "http://www.queenalice.com/game.php?id=625141"]
[Date "2009.7.26"]
[Round "2"]
[White "armesto65"]
[Black "BEBADO"]
[Result "0-1"]
[WhiteElo "2235"]
[BlackElo "2180"]

1. e4 c5 2. Nf3 e6 3. d4 cxd4 4. Nxd4 a6 5. Be2 Qc7 6. O-O Nc6 7. Be3 Nf6 8.
Nxc6 bxc6 9. Nd2 e5 10. f4 d6 11. fxe5 dxe5 12. Nc4 Be6 13. Qe1 Nxe4 14. Qh4 f5
15. Bh5+ g6 16. Bb6 Qb7 17. Bxg6+ hxg6 18. Qxh8 Bxc4 19. Qxe5+ Kf7 20. Rxf5+
gxf5 21. Qxf5+ Nf6 22. Bd4 Qe7 23. Rf1 Bg7 24. g4 Qe6 25. Qh5+ Kg8 26. Rxf6 Bxf6
27. Qg6+ Kf8 0-1

[Event "AUTO-MASTER-747"]
[Site "http://www.queenalice.com/game.php?id=625142"]
[Date "2009.7.26"]
[Round "2"]
[White "BEBADO"]
[Black "armesto65"]
[Result "0-1"]
[WhiteElo "2195"]
[BlackElo "2238"]

1. d4 Nf6 2. c4 e6 3. Nc3 c5 4. d5 exd5 5. cxd5 g6 6. e4 d6 7. f4 Bg7 8. Bb5+
Bd7 9. e5 Nh5 10. e6 Bxb5 11. Nxb5 Qa5+ 12. Nc3 Bxc3+ 13. bxc3 Qxc3+ 14. Bd2 Qc4
15. exf7+ Kxf7 16. Nf3 Re8+ 17. Kf2 Qxd5 18. Rf1 Nc6 19. Kg1 Nd4 20. Ng5+ Kg8
21. Bc3 Ne2+ 22. Kh1 Qxd1 23. Raxd1 Nxc3 24. Rxd6 Rad8 25. Rxd8 Rxd8 26. g3 Rd1
0-1

[Event "AUTO-ELITE-414"]
[Site "http://www.queenalice.com/game.php?id=664257"]
[Date "2009.10.7"]
[Round "1"]
[White "Crumbnick"]
[Black "armesto65"]
[Result "1-0"]
[WhiteElo "2399"]
[BlackElo "2227"]

1. e4 d6 2. d4 Nf6 3. Nc3 g6 4. Be3 Bg7 5. Nf3 Bg4 6. h3 Bxf3 7. Qxf3 Nbd7 8.
O-O-O O-O 9. e5 Ne8 10. Qxb7 Nb6 11. f4 Qc8 12. Qc6 a6 13. Be2 Qd7 14. Nd5 Qe6
15. Nxb6 1-0

[Event "AUTO-ELITE-414"]
[Site "http://www.queenalice.com/game.php?id=664258"]
[Date "2009.10.7"]
[Round "1"]
[White "armesto65"]
[Black "Crumbnick"]
[Result "0-1"]
[WhiteElo "2234"]
[BlackElo "2392"]

1. e4 c5 2. Nf3 d6 3. d4 cxd4 4. Nxd4 Nf6 5. Nc3 g6 6. Bc4 Bg7 7. f3 Nc6 8. Nxc6
bxc6 9. Be3 O-O 10. Qd2 Qc7 11. O-O-O Rb8 12. h4 Qb7 13. b3 Qb4 14. g4 Nxe4 0-1

[Event "AUTO-ELITE-414"]
[Site "http://www.queenalice.com/game.php?id=664261"]
[Date "2009.10.7"]
[Round "1"]
[White "Plis"]
[Black "armesto65"]
[Result "1-0"]
[WhiteElo "2445"]
[BlackElo "2220"]

1. e4 e6 2. d4 d5 3. Nd2 Nf6 4. e5 Nfd7 5. Ngf3 c5 6. c4 Nc6 7. cxd5 exd5 8. Bb5
Nxd4 9. Nxd4 cxd4 10. O-O Qb6 11. Ba4 Be7 12. Qg4 Qg6 13. Qxg6 hxg6 14. Nf3 O-O
15. Bc2 Nb6 16. Nxd4 Bd7 17. Bd3 Rac8 18. b3 1-0

[Event "AUTO-ELITE-414"]
[Site "http://www.queenalice.com/game.php?id=664262"]
[Date "2009.10.7"]
[Round "1"]
[White "armesto65"]
[Black "Plis"]
[Result "0-1"]
[WhiteElo "2215"]
[BlackElo "2448"]

1. e4 e5 2. Nf3 Nc6 3. Bb5 a6 4. Ba4 Nf6 5. O-O Be7 6. Re1 b5 7. Bb3 O-O 8. c3
d6 9. h3 h6 10. d3 Na5 11. Bc2 c5 12. d4 cxd4 13. cxd4 Bb7 14. Bd2 Rc8 15. Nc3
Nc4 16. dxe5 dxe5 17. Bc1 Bb4 18. Be3 Nxb2 0-1